| 000 | 01050cam a22002895a 4500 | ||
|---|---|---|---|
| 001 | L159334 | ||
| 008 | 160830s2016 xxk f 001 0 eng d | ||
| 020 | _a9781315619583 | ||
| 035 | _a(Sirsi) u159334 | ||
| 041 | 0 | _aeng | |
| 050 | 0 | 4 | _a690.2 $2 18 |
| 110 | 2 |
_aWatts Group Plc _95510 |
|
| 245 | 0 | 0 |
_aWatts pocket handbook 2016 _h[electronic resource] |
| 250 | _a29th ed. | ||
| 260 |
_aLondon _bRoutledge _c2016 |
||
| 300 |
_a323p. _c18cm. |
||
| 520 | _aProvides an overview and a useful point of reference on property and construction related topics. Covers property investment and ownership, development, procurement, legislation, building materials, defects, cladding and sustainability. | ||
| 520 | _aSupersedes 28th edition ISBN 9781842197257 | ||
| 521 | _aAdvanced | ||
| 590 | _aKA | ||
| 651 | 4 |
_aUnited Kingdom _y |
|
| 690 | _aBUILT ENVIRONMENT | ||
| 690 | _aPROPERTY | ||
| 690 |
_aSUSTAINABILITY _96271 |
||
| 856 | 4 | 0 |
_uhttps://www.vlebooks.com/ _zView on VLEbooks. Logins for members only from [email protected] |
| 942 | _n0 | ||
| 999 |
_c115813 _d115813 |
||